Statistics for Districts Of Libya On A Map

Click here to take the quiz!

General Stats

  • This quiz has been taken 2,324 times
  • The average score is 9 of 22

Answers on the Map

Answers color-coded by a green-red scale on the quiz's map according to % correct below.
 

Answer Stats

District% Correct
Tripoli
97%
Benghazi
81%
Butnan
49%
Sirte
48%
Misrata
47%
Kufra
46%
Ghat
38%
Sabha
37%
Derna
36%
Jufra
36%
Al Wahat
35%
Marj
35%
Murzuq
35%
Jafara
32%
Zawiya
32%
Murqub
29%
Nalut
29%
Jabal al Akhdar
27%
Jabal al Gharbi
27%
Wadi al Shatii
27%
Nuqat al Khams
26%
Wadi al Hayaa
24%

Score Distribution

Percentile by Number Answered

Percent of People with Each Score

Your Score History

You have not taken this quiz